Handbook of structural and mechanical matrices : (Record no. 1216)

000 -LEADER
fixed length control field 00509 a2200109 4500
020 ## - INTERNATIONAL STANDARD BOOK NUMBER
International Standard Book Number 0070654336 :
082 ## - DEWEY DECIMAL CLASSIFICATION NUMBER
Classification number 624.17 TUM
100 ## - MAIN ENTRY--PERSONAL NAME
Personal name Tuma, Jan J.
245 ## - TITLE STATEMENT
Title Handbook of structural and mechanical matrices :
Remainder of title definitions, transport matrices, stiffness matrices, finite differences, finite elements, graphs and tables of matrix coefficients /
Statement of responsibility, etc. Jan J. Tuma.
260 ## - PUBLICATION, DISTRIBUTION, ETC.
Place of publication, distribution, etc. New York :
Name of publisher, distributor, etc. McGraw-Hill,
Date of publication, distribution, etc. c1988.
300 ## - PHYSICAL DESCRIPTION
Extent x, 556 p. :
Other physical details ill. ;
Dimensions 25 cm.
650 ## - SUBJECT ADDED ENTRY--TOPICAL TERM
Topical term or geographic name entry element Structural analysis (Engineering)
General subdivision Matrix methods
-- Handbooks, manuals, etc.
Holdings
Withdrawn status Lost status Damaged status Not for loan Permanent Location Current Location Shelving location Date acquired Total Checkouts Full call number Barcode Date last seen Price effective from Koha item type
        School of Civil and Environmental Engineering (SCEE) School of Civil and Environmental Engineering (SCEE)       624.17 TUM NIT-745 01/05/2017 01/05/2017 Book
© 2023 Central Library, National University of Sciences and Technology. All Rights Reserved.